Ekologicky čalúnený nábytok

Gespeichert in:
Bibliographische Detailangaben
1. Verfasser: Šalatová, Adela (Verfasst von)
Weitere Verfasser: Morávková, Katarína (Betreuung Doktorarbeit)
Format: Manuskript Buch
Sprache:Slowakisch
Veröffentlicht: 2024
Schlagworte:
Online-Zugang:http://is.stuba.sk/zp/portal_zp.pl?podrobnosti=162161
Tags: Tag hinzufügen
Keine Tags, Fügen Sie das erste Tag hinzu!

MARC

LEADER 00000ntm a22000003a 4500
001 stuzp98840
003 SK-STU
005 20240615211234.4
007 ta
008 150427s2015----xo-----f-mn---000-0-slo-d
040 |a STU  |b slo 
041 0 |a slo 
100 1 |a Šalatová, Adela  |u 055150  |4 aut  |U FAD Fakulta architektúry a dizajnu  |T FAD Ústav interiéru a výstavníctva  |X 110395  |U A5150  |Y 396  |7 110395 
242 0 1 |a Ecologically upholstered furniture  |y eng 
245 1 0 |a Ekologicky čalúnený nábytok 
260 |c 2024 
650 4 |a detský modulárny systém  |2 slo 
650 4 |a ekologicky čalúnený nábytok  |2 slo 
650 4 |a biofilný dizajn  |2 slo 
650 4 |a modular system for children  |2 eng 
650 4 |a biophilic design  |2 eng 
650 4 |a ecologicaly upholstered furniture  |2 eng 
700 1 |a Morávková, Katarína  |u 055150  |k Z8  |4 ths  |U FAD Fakulta architektúry a dizajnu  |T FAD Ústav interiéru a výstavníctva  |X 422  |U A5150  |Y 396  |7 A000000422 
856 4 |u http://is.stuba.sk/zp/portal_zp.pl?podrobnosti=162161